[Event "Nacional Sub 14 Femenino"]
[Site "Santiago de Cali Valle"]
[Date "????.??.??"]
[Round "9.7"]
[White "Chavez, Diana"]
[Black "Granada, Angie"]
[Result "0-1"]
[WhiteElo "1603"]
[BlackElo "1671"]
[PlyCount "80"]
[EventDate "2007.03.30"]

1. d4 Nf6 2. Nf3 g6 3. c4 Bg7 4. Nc3 d6 5. e4 O-O 6. Be2 Nbd7 7. O-O e5 8. Be3
Nh5 9. Ng5 exd4 10. Bxd4 Qxg5 11. Be3 Qe7 12. Bxh5 gxh5 13. Qxh5 Nf6 14. Qf3
Ng4 15. Bd2 Ne5 16. Qe2 Be6 17. Nd5 Bxd5 18. cxd5 Nd7 19. Qg4 Nf6 20. Qd1 Qxe4
21. Bc3 Qxd5 22. Qc1 Qc6 23. Qg5 d5 24. h4 Kh8 25. h5 h6 26. Qf4 Nxh5 27. Qh4
Bxc3 28. bxc3 Qg6 29. Qd4+ Nf6 30. g3 Kh7 31. Qc5 c6 32. Kg2 Rg8 33. Rh1 Ne4
34. Qe3 Qg5 35. Qf3 Qf6 36. Qe3 Rg6 37. c4 Qc3 38. Qf4 Rf6 39. Qh4 Qf3+ 40. Kh3
Ng5+ 0-1

[Event "Nacional Sub 14 Femenino"]
[Site "Santiago de Cali Valle"]
[Date "????.??.??"]
[Round "9.8"]
[White "Ruiz, Camila"]
[Black "Baquero, Yuri"]
[Result "0-1"]
[WhiteElo "1500"]
[BlackElo "1631"]
[PlyCount "110"]
[EventDate "2007.03.30"]

1. e4 d5 2. exd5 Nf6 3. d4 Nxd5 4. Nf3 Bf5 5. c4 Nf6 6. Nc3 e6 7. Be2 Bb4 8.
O-O Nc6 9. Bf4 a6 10. d5 Bxc3 11. dxc6 Bxb2 12. cxb7 Rb8 13. Qxd8+ Kxd8 14.
Rad1+ Ke7 15. Bxc7 Rxb7 16. Bd6+ Ke8 17. c5 Nd5 18. Bxa6 Ra7 19. Bc4 Be4 20.
Bxd5 Bxd5 21. Rfe1 Kd7 22. Ne5+ Bxe5 23. Bxe5 f6 24. Bd4 Rxa2 25. h3 Rb8 26.
Rb1 Rxb1 27. Rxb1 Ra4 28. Be3 Rc4 29. Rb8 Ke7 30. Rc8 Kf7 31. Rc7+ Kg6 32. Kh2
f5 33. g3 Kf6 34. Rc8 h6 35. Rf8+ Ke7 36. Rc8 Kf7 37. Rc7+ Kg6 38. Bf4 Kf6 39.
Be3 g5 40. Rc8 f4 41. gxf4 gxf4 42. Bd2 e5 43. Rf8+ Kg6 44. Rc8 Rc2 45. Bb4
Rxf2+ 46. Kg1 Rg2+ 47. Kf1 Rc2 48. Rd8 Bg2+ 49. Ke1 Bxh3 50. Rd6+ Kg5 51. Rd8
f3 52. Rf8 Bf5 53. Rg8+ Kf4 54. Rh8 f2+ 55. Kf1 Bh3# 0-1

[Event "Nacional Sub 14 Femenino"]
[Site "Santiago de Cali Valle"]
[Date "????.??.??"]
[Round "9.9"]
[White "Loaiza, Yurani"]
[Black "Zapata, Keila"]
[Result "1/2-1/2"]
[WhiteElo "1411"]
[BlackElo "1606"]
[PlyCount "64"]
[EventDate "2007.03.30"]

1. e4 c5 2. Nf3 d6 3. Bb5+ Bd7 4. Bxd7+ Qxd7 5. c4 Nc6 6. Nc3 Nf6 7. d4 cxd4 8.
Nxd4 g6 9. f3 Bg7 10. Nde2 O-O 11. Be3 Rfd8 12. O-O Rac8 13. b3 e6 14. Rc1 d5
15. exd5 exd5 16. Nxd5 Nxd5 17. Qxd5 Qxd5 18. cxd5 Rxd5 19. Rfd1 Re5 20. Kf2
Rce8 21. Rc3 R5e6 22. Nd4 Nxd4 23. Bxd4 Rd6 24. Rcd3 Bxd4+ 25. Rxd4 Rxd4 26.
Rxd4 Re7 27. Re4 Rc7 28. h3 Rc2+ 29. Re2 Rc7 30. Re4 Kg7 31. Rc4 Rd7 32. Ke2
Kf6 1/2-1/2

[Event "Nacional Sub 14 Femenino"]
[Site "Santiago de Cali Valle"]
[Date "????.??.??"]
[Round "9.10"]
[White "Moreno, Ana"]
[Black "Ruiz, Justine"]
[Result "1-0"]
[WhiteElo "1634"]
[BlackElo "1536"]
[PlyCount "61"]
[EventDate "2007.03.30"]

1. e4 e5 2. Nf3 Nc6 3. Bb5 a6 4. Ba4 Nf6 5. O-O b5 6. Bb3 Be7 7. Re1 O-O 8. c3
d6 9. h3 Bb7 10. Bc2 h6 11. d4 Re8 12. d5 Nb8 13. Be3 Nbd7 14. Nbd2 Nf8 15. Nh4
N8h7 16. Nf5 Nf8 17. Qf3 Ng6 18. h4 h5 19. Nf1 Bc8 20. N1g3 Bd7 21. b4 c6 22.
Bg5 cxd5 23. exd5 Qc7 24. Nxe7+ Rxe7 25. Bxf6 gxf6 26. Nxh5 Kf8 27. Qxf6 Ke8
28. Bxg6 fxg6 29. Qh8+ Kf7 30. Qg7+ Ke8 31. Qg8# 1-0

[Event "Nacional Sub 14 Femenino"]
[Site "Santiago de Cali Valle"]
[Date "????.??.??"]
[Round "9.11"]
[White "Garzon, Laura"]
[Black "Monsalve, Adriana"]
[Result "1-0"]
[WhiteElo "1500"]
[BlackElo "1613"]
[PlyCount "31"]
[EventDate "2007.03.30"]

1. e4 e5 2. Nf3 Nc6 3. Nc3 Nf6 4. d4 exd4 5. Nxd4 Bb4 6. Bg5 Bxc3+ 7. bxc3 Qe7
8. Bd3 d5 9. O-O Qd6 10. exd5 Ne5 11. Bf4 O-O 12. Re1 Re8 13. Nf3 Nxf3+ 14.
Qxf3 Qxd5 15. Rxe8+ Nxe8 16. Qxd5 1-0

[Event "Nacional Sub 14 Femenino"]
[Site "Santiago de Cali Valle"]
[Date "????.??.??"]
[Round "9.13"]
[White "Zamora, Isabella"]
[Black "Lugo, Luz"]
[Result "0-1"]
[WhiteElo "1507"]
[BlackElo "1500"]
[PlyCount "65"]
[EventDate "2007.03.30"]

1. e4 e5 2. Nf3 Nf6 3. Nxe5 d6 4. Nf3 Nxe4 5. Nc3 Nf6 6. d4 h6 7. Be3 Be7 8.
Qd2 d5 9. O-O-O Be6 10. Kb1 Nc6 11. Be2 Ne4 12. Nxe4 dxe4 13. Ng1 Qd5 14. c4
Qf5 15. d5 Rd8 16. Qc1 Bxd5 17. cxd5 Rxd5 18. Rxd5 Qxd5 19. Qd2 Qf5 20. f3
exf3+ 21. Bd3 fxg2 22. Bxf5 gxh1=Q 23. Qd7+ Kf8 24. Bc5 g6 25. Bxe7+ Nxe7 26.
Qd8+ Kg7 27. Qd4+ Kh7 28. Be4 Qxh2 29. Bxb7 Qd6 30. Qa4 Qb6 31. Qd7 Qxg1+ 32.
Kc2 Qf2+ 33. Kb3 0-1

[Event "Nacional Sub 14 Femenino"]
[Site "Santiago de Cali Valle"]
[Date "????.??.??"]
[Round "9.14"]
[White "Zapata, Zuleidy"]
[Black "Rodriguez, Sofia"]
[Result "1-0"]
[WhiteElo "1650"]
[BlackElo "1469"]
[PlyCount "67"]
[EventDate "2007.03.30"]

1. e4 e5 2. Nf3 Nc6 3. Bb5 a6 4. Ba4 Nf6 5. d3 Be7 6. O-O d6 7. c3 b5 8. Bb3
O-O 9. Re1 Bg4 10. Nbd2 Re8 11. Nf1 Bf8 12. h3 Bh5 13. Ng3 g6 14. Nxh5 Nxh5 15.
Bg5 Qd7 16. Qd2 Ng7 17. Bh6 Na5 18. Bc2 c5 19. a4 d5 20. exd5 Qxd5 21. c4 Qd8
22. axb5 axb5 23. cxb5 Qb6 24. Nxe5 Qxb5 25. Ba4 Qb6 26. Bxe8 Nxe8 27. Nd7 Qb7
28. Nxf8 Nb3 29. Rxa8 Qxa8 30. Qc3 Nd4 31. Qxc5 Nb3 32. Qc3 Na5 33. Rxe8 Qxe8
34. Qg7# 1-0

[Event "Nacional Sub 14 Femenino"]
[Site "Santiago de Cali Valle"]
[Date "????.??.??"]
[Round "9.15"]
[White "Maldonado, Lina"]
[Black "Bonilla, Camila"]
[Result "1-0"]
[WhiteElo "1496"]
[BlackElo "1300"]
[PlyCount "71"]
[EventDate "2007.03.30"]

1. c4 e5 2. Nc3 Bc5 3. g3 Nf6 4. Bg2 O-O 5. Nf3 d6 6. O-O h6 7. d3 Be6 8. Bd2
Nh7 9. Nh4 Nc6 10. Qb3 b6 11. Bxc6 Rb8 12. Ne4 Nf6 13. Nxc5 bxc5 14. Qc2 d5 15.
cxd5 Bxd5 16. Bxd5 Qxd5 17. Bc3 c4 18. Rad1 Rfe8 19. dxc4 Qxc4 20. b3 Qc6 21.
Qb2 Ne4 22. Bxe5 Qc5 23. Bxg7 h5 24. Bh6 Qc3 25. Qxc3 Nxc3 26. Rd2 Nxe2+ 27.
Kg2 Rbd8 28. Re1 Rxd2 29. Bxd2 c6 30. Kf1 Kf8 31. Rxe2 Rxe2 32. Kxe2 Ke7 33.
Kd3 f6 34. Ke4 a6 35. Kf5 Kf7 36. Bc3 1-0

[Event "Nacional Sub 14 Femenino"]
[Site "Santiago de Cali Valle"]
[Date "????.??.??"]
[Round "9.16"]
[White "Fong, Shueling"]
[Black "Fiesco, Valentina"]
[Result "0-1"]
[WhiteElo "1396"]
[BlackElo "1592"]
[PlyCount "71"]
[EventDate "2007.03.30"]

1. e4 e5 2. Nf3 Nc6 3. Bc4 Bc5 4. c3 Nf6 5. d4 exd4 6. cxd4 Bb6 7. Nc3 O-O 8.
O-O d6 9. h3 Re8 10. Re1 Bd7 11. Ng5 Re7 12. Nd5 Nxd5 13. Bxd5 Rb8 14. Nxf7
Rxf7 15. Bxf7+ Kxf7 16. Qf3+ Qf6 17. Qxf6+ Kxf6 18. d5 Nd4 19. Rd1 Rf8 20. b3
Ke7 21. Bg5+ Ke8 22. Bh4 h6 23. Kh2 Nb5 24. Rf1 Bd4 25. Rac1 c6 26. a4 Nc3 27.
Bg3 Ke7 28. Bh4+ g5 29. dxc6 Bxc6 30. Bg3 Kd7 31. f3 Ne2 32. Rfd1 Nxc1 33. Rxc1
Rf6 34. e5 Re6 35. f4 gxf4 36. Bxf4 {Planilla ilegible
} 0-1

[Event "Nacional Sub 14 Femenino"]
[Site "Santiago de Cali Valle"]
[Date "????.??.??"]
[Round "9.18"]
[White "Muñoz, Diana"]
[Black "Agudelo, Alejandra"]
[Result "1-0"]
[WhiteElo "1442"]
[BlackElo "1393"]
[PlyCount "97"]
[EventDate "2007.03.30"]

1. e4 e5 2. Nf3 Nc6 3. Bb5 d6 4. h3 Bd7 5. O-O Nf6 6. c3 Nxe4 7. d4 a6 8. Ba4
Nf6 9. Bg5 h6 10. Bxf6 Qxf6 11. Re1 O-O-O 12. Nbd2 exd4 13. cxd4 Nxd4 14. Nxd4
Qxd4 15. b3 Qf6 16. Nf3 Qg6 17. Bxd7+ Rxd7 18. Qd2 Re7 19. Rxe7 Bxe7 20. Rc1
Bg5 21. Nxg5 Qxg5 22. Qc3 Qc5 23. Qxc5 dxc5 24. Rxc5 Rd8 25. Rf5 f6 26. Kf1
Rd1+ 27. Ke2 Ra1 28. a4 Ra2+ 29. Ke3 Rb2 30. Rf3 Rxb3+ 31. Ke4 Rb4+ 32. Kf5
Rxa4 33. Kg6 a5 34. Kxg7 Ra1 35. Rxf6 a4 36. Rf8+ Kd7 37. Ra8 b5 38. f4 b4 39.
Rb8 b3 40. f5 a3 41. Rxb3 a2 42. Ra3 c5 43. f6 c4 44. f7 c3 45. f8=Q c2 46.
Qf5+ Kd6 47. Qxc2 Kd7 48. Rxa2 Rxa2 49. Qxa2 1-0

[Event "Nacional Sub 14 Femenino"]
[Site "Santiago de Cali Valle"]
[Date "????.??.??"]
[Round "9.19"]
[White "Gaviria, Angelica"]
[Black "Garcia, Mildrey"]
[Result "1-0"]
[WhiteElo "1327"]
[BlackElo "1373"]
[PlyCount "73"]
[EventDate "2007.03.30"]

1. e4 c5 2. Bc4 Nf6 3. Nc3 Nc6 4. Nf3 h6 5. d3 d6 6. h3 e5 7. O-O Nd4 8. Nxd4
cxd4 9. Nd5 Nxd5 10. Bxd5 Be7 11. a3 O-O 12. Re1 Rb8 13. b4 Be6 14. Bxe6 fxe6
15. Qg4 Qd7 16. Bxh6 Bf6 17. Bd2 Qf7 18. Rf1 Rbc8 19. Rac1 b5 20. h4 Rce8 21.
h5 Kh8 22. Qh3 Kg8 23. h6 gxh6 24. Bxh6 Bg7 25. Qg3 Re7 26. Bxg7 Qxg7 27. Qxg7+
Rxg7 28. c3 d5 29. exd5 exd5 30. cxd4 exd4 31. Rc5 Rf5 32. Rc8+ Kf7 33. Rc7+
Kf6 34. Rxg7 Kxg7 35. Rc1 a6 36. f3 Rf7 {Planilla ilegible} 37. Rc5 1-0

[Event "Nacional Sub 14 Femenino"]
[Site "Santiago de Cali Valle"]
[Date "????.??.??"]
[Round "9.20"]
[White "Tascon, Juliana"]
[Black "Chamorro, Maryuri"]
[Result "0-1"]
[WhiteElo "1300"]
[BlackElo "1339"]
[PlyCount "94"]
[EventDate "2007.03.30"]

1. e4 e5 2. Nc3 Nf6 3. Nf3 Nc6 4. Bb5 d6 5. Bxc6+ bxc6 6. O-O Ba6 7. Re1 Be7 8.
Na4 O-O 9. c3 Rb8 10. d4 h6 11. Nh4 Bc8 12. Nf5 Bxf5 13. exf5 exd4 14. cxd4 Rb5
15. g4 g5 16. Rb1 Rd5 17. Be3 c5 18. Qf3 Qd7 19. dxc5 Qxa4 20. cxd6 Bxd6 21.
Rbc1 Qxg4+ 22. Qxg4 Nxg4 23. h3 Nxe3 24. Rxe3 Rxf5 25. Re2 Re5 26. Rd2 Rfe8 27.
a3 Rf5 28. b4 Bf4 29. Rdc2 Bxc1 30. Rxc1 Re7 31. a4 Rf4 32. Rb1 c6 33. b5 cxb5
34. axb5 Re2 35. Kg2 Rexf2+ 36. Kg3 R2f3+ 37. Kg2 Rc3 38. Kg1 Rf6 39. Rd1 a6
40. bxa6 Rxa6 41. Rd8+ Kg7 42. Kg2 Rc4 43. h4 gxh4 44. Kh3 Ra3+ 45. Kh2 Rc2+
46. Kh1 Ra1+ 47. Rd1 Rxd1# 0-1

[Event "Nacional Sub 14 Femenino"]
[Site "Santiago de Cali Valle"]
[Date "????.??.??"]
[Round "9.21"]
[White "Rios, Jessica"]
[Black "Loaiza, Angelica"]
[Result "1-0"]
[WhiteElo "1400"]
[BlackElo "1300"]
[PlyCount "63"]
[EventDate "2007.03.30"]

1. e4 e5 2. Nf3 Nc6 3. Nc3 Bb4 4. Nxe5 Nxe5 5. Ne2 Nc6 6. c3 Be7 7. d4 d6 8. d5
Na5 9. Nf4 Nf6 10. Bd3 Bg4 11. f3 Bd7 12. b4 Nc4 13. Bxc4 b5 14. Bd3 O-O 15.
O-O h6 16. Re1 g6 17. c4 bxc4 18. Bxc4 a6 19. Bb2 Bb5 20. Bxb5 axb5 21. e5 dxe5
22. Bxe5 Bd6 23. Qd2 Bxe5 24. Rxe5 Re8 25. Nd3 Rxe5 26. Nxe5 Nxd5 27. Qxh6 Qf8
28. Qh4 Nxb4 29. Nd7 Qg7 30. Nf6+ Kf8 31. Qxb4+ c5 32. Qxc5# 1-0